| 000 | 01150nam a22002537a 4500 | ||
|---|---|---|---|
| 005 | 20170124103124.0 | ||
| 010 | _a442156 | ||
| 020 | _c03.00 | ||
| 035 | _a442156 | ||
| 037 | _bCen Lib/Ret | ||
| 040 |
_aDPL _bHN |
||
| 082 |
_a821 _bसत्यदे |
||
| 100 |
_aसत्यदेव राजहंस _982651 |
||
| 245 |
_aलय-1 : _cसत्यदेव राजहंस _bअधुनातन हिंदी कविता का निदिर्शयामी संकलन / |
||
| 246 |
_aLay-1 adhunatan hindi kavita ka nirdishayaami sanklan _bby Satyadev Rajhans |
||
| 260 |
_aरांची _bअभिज्ञान प्रकाशन _c1965 |
||
| 270 |
_aपुस्तक भवन _bरांची |
||
| 300 |
_a105पृष्ठ. _c21सेमी(सजिल्द) |
||
| 650 |
_aहिंदी साहित्य _982652 |
||
| 650 |
_aहिंदी कविता संग्रह - आधुनिकता _953189 |
||
| 650 |
_aHindi literature _982653 |
||
| 650 |
_aHindi poetry collection - modernity _982654 |
||
| 942 |
_2ddc _cHN _h821 _mसत्यदे |
||
| 999 |
_c118950 _d118950 |
||